00493nam a2200193Ia 4500008004100000020001800041050001400059100002100073245004500094245003800139245002100177260001500198260001600213260000900229300001600238300002700254300001000281500000800291170918s9999 xx 000 0 und d a9780545069274 bC622 2008 aClaybourne, Anna a100 most dangerous thing on the planet : bwhat to do if it happens to you / cAnna Claybourne. aNew York : bScholastic, c2008 a111 pages : bcolored illustration ; c23cm. a980